000
00287nam a22001337a 4500
008
180316b xxu||||| |||| 00| 0 eng d
020
_a
9781269894296
041
_a
eng
080
_a
7
100
_a
44
101
_a
art
245
_a
a world of art
_c
saymyre.h.m
942
_2
udc
_c
BK
999
_c
45274
_d
45274